LIBRARY & INFORMATION CENTRE, KCAET, TAVANUR

ONLINE PUBLIC ACCESS CATALOGUE (OPAC)

Principles of engineering production / (Record no. 2291)

MARC details
000 -LEADER
fixed length control field 00469cam a2200181ua 4500
020 ## - INTERNATIONAL STANDARD BOOK NUMBER
ISBN 0 340 34348 6
041 ## - LANGUAGE CODE
Language code of text/sound track or separate title eng
082 ## - DEWEY DECIMAL CLASSIFICATION NUMBER
Classification number 670
Item number LIS/PR
100 ## - MAIN ENTRY--AUTHOR NAME
Personal name Lissaman, A.J .
245 ## - TITLE STATEMENT
Title Principles of engineering production /
250 ## - EDITION STATEMENT
Edition statement 2 /
260 ## - PUBLICATION, DISTRIBUTION, ETC. (IMPRINT)
Place of publication London :
Name of publisher The English Language book society ,
Year of publication 1983.
300 ## - PHYSICAL DESCRIPTION
Number of Pages 581 ; .
700 1# - ADDED ENTRY--PERSONAL NAME
Personal name Martin, S.J .
942 ## - ADDED ENTRY ELEMENTS (KOHA)
Koha item type Books
Holdings
Withdrawn status Lost status Damaged status Home library Current library Date acquired Full call number Accession Number Koha item type
      KAUAET KAUAET 10/09/1986 670 15744 Books
free website counter